Los registros cedularios del consejo de indias
Uloženo v:
| Hlavní autor: | |
|---|---|
| Médium: | Kniha |
| Jazyk: | španělština |
| Vydáno: |
Sevilla
G.E.H.A
1958
|
| Témata: | |
| Tagy: |
Přidat tag
Žádné tagy, Buďte první, kdo vytvoří štítek k tomuto záznamu!
|
MARC
| LEADER | 00000nam a2200000 a 4500 | ||
|---|---|---|---|
| 001 | UCY9194 | ||
| 003 | CL-VaPUC | ||
| 008 | 950713e19580000SP |||||||||||||||||spa|d | ||
| 082 | 0 | 4 | |a 349.8 |b MUR |2 21 |
| 100 | |a Muro Orejón, Antonio |e autor |9 324182 | ||
| 245 | 1 | 4 | |a Los registros cedularios del consejo de indias |
| 300 | |a 21 p | ||
| 942 | |c BK | ||
| 945 | |d 19950713 00:00:00 |a rbrito | ||
| 260 | |a Sevilla |b G.E.H.A |c 1958 | ||
| 650 | 7 | |a LEGISLACION SOBRE LOS ARCHIVOS |2 CL-VaPUC |9 341267 | |
| 650 | 0 | |a Derecho Indiano |9 256266 | |
| 651 | 0 | |a América |9 255182 | |
| 583 | |a last modification |c 19950713 00:00:00 |k Rodrigo Vera | ||
| 999 | |c 236322 |d 236320 | ||
| 952 | |0 0 |1 0 |4 0 |6 349_800000000000000_MUR_1958 |7 0 |8 A |9 244366 |a BIBHIS |b BIBHIS |d 2019-11-18 |i 2005530 |o 349.8 MUR 1958 |p 2005530 |r 2025-01-20 |w 2019-11-18 |y BK |k HIS | ||